Vol. 24, № 9; Analytical Chemistry

Bibliographic Details
Parent link:Analytical Chemistry/ American Chemical Society. Vol. 24, № 9.— , 1947-1973, 1976-1990, 1993-2002
Language:English
Published: 1952
Format: Book
KOHA link:https://koha.lib.tpu.ru/cgi-bin/koha/opac-detail.pl?biblionumber=559876

MARC

LEADER 00000nam2a2200000 4500
001 559876
005 20250920150347.0
035 |a (RuTPU)RU\TPU\prd\254836 
035 |a RU\TPU\prd\254834 
090 |a 559876 
100 |a 20160402d1952 k||y0rusy50 ba 
101 0 |a eng 
102 |a US 
105 |a a z 000yy 
200 0 |a Vol. 24, № 9 
210 |d 1952 
215 |a p. 1A-56A, p. 1385-1528 
461 1 |0 379637  |t Analytical Chemistry  |f American Chemical Society  |v Vol. 24, № 9  |d 1947-1973, 1976-1990, 1993-2002  |9 379637 
801 0 |a RU  |b 63413507  |c 20010227  |g PSBO 
801 1 |a RU  |b 63413507  |c 20020228  |g PSBO 
801 2 |a RU  |b 63413507  |c 20190508  |g PSBO 
942 |c CR